[Event "Maastricht Limburg op-C 6th"]
[Site "Maastricht"]
[Date "2012.05.26"]
[Round "3"]
[White "Havenith, Michael"]
[Black "Keetman, Stef"]
[Result "0-1"]
[WhiteElo "1691"]
[BlackElo "1549"]
[PlyCount "74"]
[EventDate "2012.05.25"]
[EventType "swiss"]
[EventRounds "7"]
[EventCountry "NED"]
[SourceTitle "EXT 2013"]
[Source "ChessBase"]
[SourceDate "2012.11.22"]
[SourceVersion "1"]
[SourceVersionDate "2012.11.22"]
[SourceQuality "1"]

1. c4 Nf6 2. Nc3 c5 3. g3 g6 4. Bg2 Bg7 5. Nf3 Nc6 6. 0-0 0-0 7. Rb1 d5 8. cxd5 Nxd5 9. Nxd5 Qxd5 10. b3 b6 11. Bb2 Bxb2 12. Rxb2 Bb7 13. d3 Rad8 14. Qc1 f6 15. Nh4 Qd7 16. Qh6 e5 17. Qc1 Nd4 18. Qc4+ Kg7 19. Bxb7 Qxb7 20. Ng2 h5 21. f4 Rfe8 22. e4 Rd6 23. Ne3 Qd7 24. Kg2 h4 25. Nd5 hxg3 26. hxg3 Rh8 27. Kg1 Qh3 28. Rg2 Qh1+ 29. Kf2 Qh5 30. Ke3 Qg4 31. Kd2 Rh3 32. Ne3 Qh5 33. fxe5 Qxe5 34. Rf4 Rxg3 35. Rgf2 b5 36. Qc1 Ra6 37. Qb1 b4 0-1

[Event "Maastricht Limburg op-C 4th"]
[Site "Maastricht"]
[Date "2010.05.24"]
[Round "6"]
[White "Keetman, Stef"]
[Black "Majhi, Ankit"]
[Result "1/2-1/2"]
[WhiteElo "1431"]
[BlackElo "1657"]
[PlyCount "137"]
[EventDate "2010.05.21"]
[EventType "swiss"]
[EventRounds "7"]
[EventCountry "NED"]
[SourceTitle "EXT 2011"]
[Source "ChessBase"]
[SourceDate "2010.11.26"]
[SourceVersion "1"]
[SourceVersionDate "2010.11.26"]
[SourceQuality "1"]

1. e4 e5 2. Nf3 Nc6 3. d4 exd4 4. Nxd4 Bc5 5. Be3 Qf6 6. c3 Nge7 7. g3 d6 8. Bg2 Ne5 9. 0-0 0-0 10. Nb5 Bg4 11. Qc2 Bxe3 12. fxe3 Qh6 13. Qf2 Bd7 14. Qe2 Bxb5 15. Qxb5 Qxe3+ 16. Kh1 Ng4 17. Bf3 Ne5 18. Qe2 Qxe2 19. Bxe2 f5 20. Nd2 Rf6 21. exf5 Rxf5 22. Nf3 Nxf3 23. Rxf3 Rxf3 24. Bxf3 Rf8 25. Kg2 b6 26. Re1 Rf7 27. Bd1 Kf8 28. Re3 Rf5 29. Bc2 Re5 30. Rxe5 dxe5 31. Kf3 Kf7 32. Ke4 Kf6 33. Bd1 c6 34. Be2 Nf5 35. Bf3 Nd6+ 36. Kd3 c5 37. Bd5 Kf5 38. h3 h6 39. Ke3 e4 40. c4 Ke5 41. g4 b5 42. b3 b4 43. Ba8 a5 44. Bd5 g6 45. Bc6 h5 46. Bd5 h4 47. Bc6 g5 48. Bd5 Ne8 49. Bxe4 Nc7 50. Bf5 Na8 51. Be4 Nb6 52. Bf5 a4 53. Be4 Nd7 54. Bc6 axb3 55. axb3 Nf8 56. Bd5 Ng6 57. Bg2 Nf4 58. Bf1 Ne6 59. Be2 Nd4 60. Bd1 Kf6 61. Ke4 Ke6 62. Kd3 Ke5 63. Ke3 Nc6 64. Be2 Na5 65. Bd1 Nb7 66. Bf3 Na5 67. Bd1 Nc6 68. Bf3 Nb8 69. Bd1 1/2-1/2